[Event "Olimpiade 2014 - Open"]
[Site "Tromsø"]
[Date "14.08.2014"]
[Round "11.74"]
[Board "1"]
[White "Kabera, Godfrey"]
[Black "Meier, Peter"]
[Result "1/2-1/2"]
[WhiteTitle "CM"]
[WhiteElo "1909"]
[BlackElo "2039"]
[WhiteTeam "Rwanda"]
[BlackTeam "Seychelles"]
[WhiteFideId "16000080"]
[BlackFideId "9800158"]
[EventDate "2014.08.02"]

1. e4 c5 2. Nf3 g6 3. d4 cxd4 4. Qxd4 Nf6 5. Nc3 Nc6 6. Qd1 Bg7 7. Bc4 O-O 8.
O-O d6 9. h3 Bd7 10. Bg5 Rc8 11. Qe2 Qa5 12. Rfd1 h6 13. Bd2 Qh5 14. Bf4 g5 15.
Bg3 g4 16. hxg4 Bxg4 17. Qe3 Na5 18. Bd5 Nc4 19. Bxc4 Rxc4 20. Rd2 Bxf3 21. gxf3
Qc5 22. Bf4 Qxe3 23. Bxe3 Nd7 24. Nd5 Re8 25. Bxa7 Ra8 26. Be3 e6 27. Nc3 Bxc3
28. bxc3 Ne5 29. Kg2 Rxc3 30. Bd4 Rca3 31. Bxe5 dxe5 32. Rb1 R8a7 33. Rb5 Rxa2
34. Rxe5 R7a4 35. Rc5 b6 36. Rc8+ Kg7 37. Rd7 Ra7 38. Rdd8 R2a5 39. f4 Rc5 40.
Rg8+ Kf6 41. f3 Rac7 42. Rce8 Rxc2+ 43. Kg3 Rc1 44. Rh8 Rg1+ 45. Kf2 Rg6 46. f5
exf5 47. Ke3 fxe4 48. fxe4 Rc5 49. Kf4 Rc4 50. Rh7 1/2-1/2

[Event "Olimpiade 2014 - Open"]
[Site "Tromsø"]
[Date "14.08.2014"]
[Round "11.75"]
[Board "1"]
[White "Ahmed, Ashraf"]
[Black "Muniz Pardino, Alberto"]
[Result "1/2-1/2"]
[WhiteTitle "FM"]
[WhiteElo "1817"]
[BlackElo "2106"]
[WhiteTeam "Maldives"]
[BlackTeam "Hong Kong"]
[WhiteFideId "16700031"]
[BlackFideId "2229560"]
[EventDate "2014.08.02"]

1. e4 c5 2. Nf3 d6 3. Bc4 Nc6 4. Nc3 Nf6 5. d4 cxd4 6. Nxd4 Qb6 7. Nb3 e6 8. O-O
Be7 9. Bg5 a6 10. Bxf6 gxf6 11. Be2 Bd7 12. a3 Rc8 13. Qd2 Na5 14. Nxa5 Qxa5 15.
Kh1 Rg8 16. f4 Bc6 17. Bf3 f5 18. b4 Qc7 19. Rae1 fxe4 20. Nxe4 d5 21. Ng3 Bd7
22. f5 Rxg3 23. hxg3 Qxg3 24. fxe6 Qh4+ 25. Kg1 fxe6 26. Re5 Rxc2 27. Qe3 Bd6
28. Rxe6+ Bxe6 29. Qxe6+ Qe7 30. Bh5+ Kd8 31. Qg8+ Kc7 32. Rf7 Rc1+ 33. Kf2 Rc2+
34. Kf3 Rc3+ 35. Kf2 Rc2+ 36. Kf1 Rc1+ 37. Kf2 Rc2+ 1/2-1/2

[Event "Olimpiade 2014 - Open"]
[Site "Tromsø"]
[Date "14.08.2014"]
[Round "11.75"]
[Board "2"]
[White "Tsang, Hon Ki"]
[Black "Mohamed, Hassan MDV"]
[Result "1-0"]
[WhiteTitle "FM"]
[BlackTitle "CM"]
[WhiteElo "2111"]
[BlackElo "1830"]
[WhiteTeam "Hong Kong"]
[BlackTeam "Maldives"]
[WhiteFideId "6000185"]
[BlackFideId "16700058"]
[EventDate "2014.08.02"]

1. e4 c6 2. d4 d5 3. e5 Bf5 4. Nd2 e6 5. Nb3 Nd7 6. Nf3 Ne7 7. Bd2 h6 8. Bb4 Bh7
9. Qd2 Qc8 10. Rc1 Nb6 11. Na5 Ng6 12. Bxf8 Nxf8 13. c4 dxc4 14. Bxc4 Be4 15.
Be2 Nd5 16. Nc4 Ke7 17. Nd6 Qc7 18. Nxe4 Nd7 19. O-O Rhd8 20. Rfd1 Kf8 21. Bd3
Kg8 22. Bb1 Nf8 23. a3 Qe7 24. g3 Nb6 25. Ne1 Rac8 26. Ng2 Nbd7 27. Nd6 Rc7 28.
Qe2 a6 29. Nf4 Nb6 30. Qd2 Rcd7 31. Nd3 Nc8 32. Nc5 Rc7 33. Nce4 Nd7 34. Qa5 Nf8
35. f4 Rcd7 36. Ba2 Nh7 37. Rf1 Nxd6 38. exd6 Qf8 39. f5 Rxd6 40. fxe6 Rxd4 41.
Rxf7 Qe8 42. e7 R8d5 43. Nd6 1-0

[Event "Olimpiade 2014 - Open"]
[Site "Tromsø"]
[Date "14.08.2014"]
[Round "11.75"]
[Board "3"]
[White "Ibarhim, Firaq"]
[Black "Chan, Chak Man"]
[Result "0-1"]
[BlackTitle "CM"]
[WhiteElo "1532"]
[BlackElo "1858"]
[WhiteTeam "Maldives"]
[BlackTeam "Hong Kong"]
[WhiteFideId "16700120"]
[BlackFideId "6001300"]
[EventDate "2014.08.02"]

1. e4 Nf6 2. e5 Nd5 3. c4 Nb6 4. d4 d6 5. exd6 cxd6 6. Nf3 g6 7. Be2 Bg7 8. O-O
Nc6 9. Be3 O-O 10. a3 Bg4 11. Nbd2 e5 12. d5 Ne7 13. h3 Bxf3 14. Nxf3 h6 15. Rc1
Nf5 16. b4 Kh7 17. Qb3 Nxe3 18. fxe3 f5 19. Rfd1 g5 20. Nh2 e4 21. c5 Nc8 22. c6
bxc6 23. dxc6 Qc7 24. a4 Be5 25. Nf1 Ne7 26. b5 d5 27. Rc5 Rfd8 28. Bh5 Kg7 29.
Qa2 a6 30. Qb3 Rab8 31. Qc2 Rb6 32. Nd2 Bd6 33. Nb3 Bxc5 34. Nxc5 Rd6 35. Qc3+
Kh7 36. Nxa6 Rxa6 37. bxa6 Rxc6 38. Qb3 Rxa6 39. Be8 Qb6 40. Bb5 Ra7 41. Qc3 f4
42. Qd4 Qxd4 43. exd4 Kg7 44. Ra1 Nf5 45. Bc6 Ra5 46. Rd1 Kf7 47. Kf2 Ke6 48.
Bb5 Ra7 49. Ke2 h5 50. Rd2 g4 51. hxg4 hxg4 52. Kf1 Rc7 53. Rd1 Ne3+ 54. Ke2
Nxd1 55. Kxd1 f3 56. gxf3 exf3 57. Ke1 Rc2 58. a5 Ra2 59. a6 Kf5 60. Kf1 g3 61.
Kg1 Ra1+ 62. Bf1 g2 0-1

[Event "Olimpiade 2014 - Open"]
[Site "Tromsø"]
[Date "14.08.2014"]
[Round "11.76"]
[Board "1"]
[White "Bacchas, Clevert"]
[Black "Van Rensselaer, William"]
[Result "0-1"]
[WhiteTitle "CM"]
[BlackTitle "FM"]
[WhiteElo "1948"]
[BlackElo "1908"]
[WhiteTeam "Bermuda"]
[BlackTeam "US Virgin Isles"]
[WhiteFideId "8800758"]
[BlackFideId "6800165"]
[EventDate "2014.08.02"]

1. d4 d5 2. c4 c6 3. Nc3 Nf6 4. Nf3 e6 5. Bg5 Bd6 6. e4 dxe4 7. Nxe4 Qa5+ 8. Bd2
Bb4 9. Nd6+ Ke7 10. c5 Bxd2+ 11. Qxd2 Qxd2+ 12. Kxd2 Nbd7 13. Bc4 h6 14. Rhe1
Ne8 15. Nf5+ Kf8 16. Ng3 Ndf6 17. Ne5 Nc7 18. Ne4 Nxe4+ 19. Rxe4 Ke7 20. Rae1
Rd8 21. Rf4 f6 22. Nf3 Nd5 23. Rfe4 Kf7 24. h4 Bd7 25. g4 Re8 26. g5 hxg5 27.
hxg5 Rh8 28. gxf6 gxf6 29. Nh4 Rh5 30. Rg1 f5 31. Ng6 fxe4 32. Ne5+ Rxe5 33.
dxe5 Rg8 34. Rh1 Rg2 35. Rh7+ Ke8 36. Rh8+ Ke7 37. Rh7+ Kd8 38. Ke1 e3 39. fxe3
Nxe3 40. Bb3 Rxb2 41. Rh8+ Kc7 42. Rh7 Nd5 43. Rg7 b6 44. cxb6+ axb6 45. Kd1 b5
46. Ke1 Rh2 47. Rg5 c5 48. Rg7 c4 49. Bd1 Rxa2 50. Bf3 Nf4 51. Kd1 Rf2 52. Ba8
Nd3 53. Bd5 c3 54. Bb3 Rd2# 0-1

[Event "Olimpiade 2014 - Open"]
[Site "Tromsø"]
[Date "14.08.2014"]
[Round "11.76"]
[Board "3"]
[White "Cooper, Gary"]
[Black "Creswell, Reece"]
[Result "1/2-1/2"]
[WhiteElo "1844"]
[BlackElo "1645"]
[WhiteTeam "Bermuda"]
[BlackTeam "US Virgin Isles"]
[WhiteFideId "8800022"]
[BlackFideId "6800262"]
[EventDate "2014.08.02"]

1. e4 e6 2. d4 d5 3. Nc3 dxe4 4. Nxe4 Bd7 5. Nf3 Bc6 6. Bd3 Nd7 7. O-O Ngf6 8.
Re1 Be7 9. b3 O-O 10. Bb2 Re8 11. Qe2 Bxe4 12. Bxe4 Nxe4 13. Qxe4 c6 14. Rad1
Nf6 15. Qe2 Nd5 16. c4 Bb4 17. cxd5 Bxe1 18. Qxe1 exd5 19. Qd2 f6 20. Bc1 Re4
21. Qc2 Qe7 22. Be3 Re8 23. Re1 a6 24. Kf1 Qf7 25. Qc5 R8e7 26. b4 Qe8 27. a4
Qa8 28. a5 Qe8 29. Qc3 Qd7 30. h3 Qc7 31. Bd2 h6 32. Rxe4 Rxe4 33. Be3 g5 34.
Nd2 Re7 35. Qc5 Kf7 36. Kg1 f5 37. Nf3 Ke8 38. Ne5 f4 39. Bd2 Re6 40. Qc2 Qe7
41. Qf5 Qf6 42. Qh7 Re7 43. Qg8+ Qf8 44. Qg6+ Kd8 45. Qd6+ Kc8 46. Qg6 Kb8 47.
Qh5 Ka8 48. Qg4 Qf6 49. Bc3 Qe6 50. Qh5 Ka7 51. Kf1 Ka8 52. h4 Qf5 53. Qxh6 gxh4
54. Qxh4 Qb1+ 55. Be1 Rh7 56. Qd8+ Ka7 1/2-1/2

[Event "Olimpiade 2014 - Open"]
[Site "Tromsø"]
[Date "14.08.2014"]
[Round "11.76"]
[Board "4"]
[White "Mongiello, Anthony"]
[Black "Dill, James"]
[Result "1/2-1/2"]
[WhiteElo "1580"]
[BlackElo "1899"]
[WhiteTeam "US Virgin Isles"]
[BlackTeam "Bermuda"]
[WhiteFideId "6800173"]
[BlackFideId "8800049"]
[EventDate "2014.08.02"]

1. d4 d5 2. e4 dxe4 3. Nc3 e6 4. f3 e3 5. Bxe3 Nf6 6. Bd3 g6 7. Bg5 Bg7 8. Ne4
O-O 9. c3 Nbd7 10. Qd2 b6 11. Ne2 Bb7 12. N2g3 Re8 13. f4 Qe7 14. O-O-O Rad8 15.
Rde1 c5 16. dxc5 Nxc5 17. Nxc5 Qxc5 18. Bxf6 Bxf6 19. Ne4 Bxe4 20. Rxe4 Rd6 21.
Kb1 Red8 22. Re3 a5 23. Rc1 e5 24. fxe5 Bxe5 25. Qe2 Bf4 26. Re8+ Kg7 27. Rxd8
Rxd8 28. Rf1 Qe3 29. Qxe3 Bxe3 30. Kc2 f5 31. g3 h5 32. Rd1 h4 33. gxh4 Rh8 34.
Bf1 Rxh4 35. h3 Rh8 36. Kd3 f4 37. Ke4 Kh6 38. Rd5 Re8+ 39. Kf3 g5 40. Kg4 Rg8
41. Bd3 Bc5 42. Rd7 Rh8 43. Rf7 f3 44. Kxf3 Rf8 45. Rxf8 Bxf8 46. Kg4 Bd6 47. h4
gxh4 48. Kxh4 Kg7 49. Kg5 Kf7 50. Kf5 Ke7 51. a4 Bg3 52. b4 axb4 53. cxb4 Be1
54. a5 bxa5 55. bxa5 Bxa5 1/2-1/2

[Event "Olimpiade 2014 - Open"]
[Site "Tromsø"]
[Date "14.08.2014"]
[Round "11.77"]
[Board "1"]
[White "Manuel, Enofre Efren D."]
[Black "Anquandah, Francis Eric"]
[Result "0-1"]
[WhiteElo "1950"]
[BlackElo "1963"]
[WhiteTeam "Guam"]
[BlackTeam "Ghana"]
[WhiteFideId "31000053"]
[BlackFideId "12600148"]
[EventDate "2014.08.02"]

1. c4 e5 2. Nc3 Bb4 3. d3 Nf6 4. a3 Bxc3+ 5. bxc3 O-O 6. e4 d6 7. Be2 Nbd7 8.
Nf3 Nc5 9. O-O Bd7 10. Ne1 Ne6 11. g3 h6 12. Ng2 Nh7 13. f4 exf4 14. gxf4 f5 15.
Bf3 Nc5 16. Be3 Rb8 17. Bxc5 dxc5 18. e5 Be6 19. Ne3 Qh4 20. Bd5 Qe7 21. Bxe6+
Qxe6 22. d4 g5 23. d5 Qe7 24. Qh5 gxf4 25. Nxf5 Qg5+ 26. Qxg5+ hxg5 27. Nh6+ Kg7
28. Ng4 Rbe8 29. Rae1 Kg6 30. Kg2 Rf5 31. Kf3 Re7 32. Rg1 Kh5 33. Re2 b6 34. Rd2
Kg6 35. Rd3 a5 36. Ke4 Nf6+ 37. Nxf6 Rexe5+ 38. Kf3 Rxf6 39. h4 Kh5 40. hxg5
Rxg5 41. Rxg5+ Kxg5 42. Rd1 Rh6 43. Rg1+ Kf5 44. Rg7 Rh3+ 45. Ke2 Rxc3 46. Rxc7
Rxc4 47. Rc6 b5 48. Ra6 a4 49. Ra5 Rc2+ 50. Kd3 Rb2 51. d6 Rb3+ 52. Kc2 Ke6 53.
Ra6 Kd7 54. Rb6 f3 55. Kd2 c4 56. Kc1 f2 57. Rb7+ Ke6 58. Re7+ 0-1

[Event "Olimpiade 2014 - Open"]
[Site "Tromsø"]
[Date "14.08.2014"]
[Round "11.78"]
[Board "1"]
[White "Bah, Ebrima"]
[Black "Sanon, Mondoly"]
[Result "0-1"]
[WhiteElo "2070"]
[BlackElo "2012"]
[WhiteTeam "Gambia"]
[BlackTeam "Haiti"]
[WhiteFideId "21100039"]
[BlackFideId "11900059"]
[EventDate "2014.08.02"]

1. d4 d5 2. c4 Bf5 3. Nc3 e6 4. Bf4 Bd6 5. Bxd6 Qxd6 6. Nf3 c6 7. Nh4 Bg6 8. c5
Qc7 9. Nxg6 hxg6 10. h3 Nf6 11. e3 Nbd7 12. Bd3 e5 13. O-O e4 14. Be2 g5 15. b4
Rh4 16. f4 gxf4 17. Qe1 g5 18. exf4 Rxf4 19. Qd2 Ke7 20. Rae1 Rh8 21. Nd1 Nh5
22. Bxh5 Rxh5 23. Ne3 Ke6 24. Qe2 Nf6 25. Rf2 Rxf2 26. Qxf2 Qf4 27. Qe2 g4 28.
Rf1 Qg3 29. Rxf6+ Kxf6 30. Nxg4+ Ke6 31. Kh1 f5 32. Ne5 Rg5 33. a4 f4 34. b5
Rxe5 35. dxe5 f3 36. Qd2 Qxg2+ 37. Qxg2 fxg2+ 38. Kxg2 Kxe5 39. Kg3 Kf5 40. a5
a6 41. bxa6 bxa6 42. h4 d4 43. h5 Kg5 44. h6 Kxh6 45. Kf4 e3 46. Kf3 Kg5 47. Ke2
Kf4 48. Kd3 Ke5 0-1

[Event "Olimpiade 2014 - Open"]
[Site "Tromsø"]
[Date "14.08.2014"]
[Round "11.78"]
[Board "2"]
[White "Luxama, Jacques Muller"]
[Black "Dalliah, Joseph"]
[Result "1-0"]
[WhiteElo "1893"]
[BlackElo "2060"]
[WhiteTeam "Haiti"]
[BlackTeam "Gambia"]
[WhiteFideId "11900113"]
[BlackFideId "21100055"]
[EventDate "2014.08.02"]

1. d4 Nf6 2. c4 e6 3. Nc3 Bb4 4. Qb3 Nc6 5. Nf3 d5 6. e3 Ne4 7. a3 Be7 8. cxd5
exd5 9. Qxd5 Nxc3 10. Qxd8+ Nxd8 11. bxc3 O-O 12. Bd3 c6 13. O-O Bg4 14. Ne5 Be6
15. a4 f6 16. Nf3 Bg4 17. Nd2 Nf7 18. Ba3 Nd6 19. Nc4 Rad8 20. Nxd6 Bxd6 21.
Bc4+ Kh8 22. f3 Bh5 23. a5 f5 24. Bxd6 Rxd6 25. Rfb1 Rd7 26. Rb2 Re7 27. Kf2 h6
28. Rab1 Rb8 29. Ba6 Rbe8 30. Rxb7 Rxe3 31. Rb8 Kh7 32. Rxe8 Rxe8 33. Rb7 Ra8
34. Rc7 Be8 35. Bb7 Rb8 36. a6 Kg6 37. Bxc6 Rb2+ 38. Kg3 Bxc6 39. Rxc6+ Kh5 40.
Kh3 g5 41. g4+ 1-0

[Event "Olimpiade 2014 - Open"]
[Site "Tromsø"]
[Date "14.08.2014"]
[Round "11.80"]
[Board "3"]
[White "Mlawa, Hemed"]
[Black "Lima, Osvaldo Dos Santos"]
[Result "0-1"]
[WhiteElo "1799"]
[BlackElo "1751"]
[WhiteTeam "Tanzania"]
[BlackTeam "Sao Tome & Principe"]
[WhiteFideId "10002251"]
[BlackFideId "14306352"]
[EventDate "2014.08.02"]

1. d4 g6 2. Bf4 Bg7 3. e3 Nf6 4. Nf3 d6 5. h3 Nbd7 6. Be2 b6 7. O-O Bb7 8. c4
O-O 9. Nc3 c5 10. a4 cxd4 11. exd4 Rc8 12. d5 Nc5 13. Rc1 Nfe4 14. Nxe4 Nxe4 15.
Nd4 Nc5 16. b4 Bxd4 17. bxc5 bxc5 18. Bh6 Bg7 19. Qd2 Rb8 20. Rb1 Bxh6 21. Qxh6
Ba6 22. Qd2 Qc7 23. Rfd1 Rxb1 24. Rxb1 Rb8 25. Rxb8+ Qxb8 26. Qa5 Qb6 27. Qc3
Qb4 28. Qc2 Bc8 29. Kh2 Bf5 30. Qd1 Qc3 31. g3 a5 32. Kg2 Bc2 33. Qf1 Bxa4 34.
f4 Bc2 35. g4 a4 36. f5 a3 0-1

[Event "Olimpiade 2014 - Open"]
[Site "Tromsø"]
[Date "14.08.2014"]
[Round "11.81"]
[Board "1"]
[White "Drayton, Anthony"]
[Black "Hernandez, Roberto PLW"]
[Result "1-0"]
[WhiteElo "1828"]
[BlackElo "1845"]
[WhiteTeam "Guyana"]
[BlackTeam "Palau"]
[WhiteFideId "19700261"]
[BlackFideId "16600010"]
[EventDate "2014.08.02"]

1. e4 d6 2. d4 g6 3. Nf3 Bg7 4. Bc4 Nf6 5. Nc3 O-O 6. O-O c6 7. Bg5 b5 8. Bd3
Qc7 9. e5 dxe5 10. dxe5 Ng4 11. Re1 Nxe5 12. Bf4 Nxf3+ 13. Qxf3 e5 14. Be3 f5
15. Bxb5 e4 16. Bc4+ Kh8 17. Qf4 Be5 18. Bd4 Re8 19. Rad1 Nd7 20. Nxe4 Qa5 21.
Nc5 Qxc5 22. Bxc5 Bxf4 23. Rxe8+ Kg7 24. Rxd7+ Bxd7 25. Rxa8 Kf6 26. Rxa7 Be6
27. Be7+ Ke5 28. Ra5+ Bd5 29. Bxd5 cxd5 30. Ra6 Bc1 31. Bf6+ 1-0

[Event "Olimpiade 2014 - Open"]
[Site "Tromsø"]
[Date "14.08.2014"]
[Round "11.81"]
[Board "2"]
[White "Montel Jr, Cyril Tomas"]
[Black "Greenidge, Ronuel"]
[Result "0-1"]
[WhiteElo "1848"]
[BlackElo "1630"]
[WhiteTeam "Palau"]
[BlackTeam "Guyana"]
[WhiteFideId "16600037"]
[BlackFideId "19700075"]
[EventDate "2014.08.02"]

1. d4 d5 2. e3 Nf6 3. Bd3 e6 4. Nf3 Bd6 5. O-O O-O 6. a3 b6 7. Qe2 Bb7 8. Nbd2
Ne4 9. b3 Nd7 10. Bb2 Qf6 11. Rab1 Rac8 12. c4 Qh6 13. Ne5 f5 14. f4 Nxe5 15.
dxe5 Be7 16. Rf3 dxc4 17. Bxe4 fxe4 18. Rh3 Qg6 19. Rg3 Qf7 20. Qxc4 Rfd8 21.
Nxe4 Qf5 22. Nc3 Rd2 23. e4 Qf7 24. f5 Bc5+ 25. Kh1 exf5 26. e6 Qf6 27. Nd1 Rxb2
28. Rxb2 fxe4 29. Rd2 Bd6 30. Rf2 Qe5 31. Rf7 g6 32. Qc3 Qxc3 33. Rxc3 Bd5 34.
Rh3 Bxe6 35. Rfxh7 Bxh3 36. Rxh3 Bxa3 37. Rc3 Rd8 38. Ne3 Rd3 39. Rxd3 exd3 40.
g4 Bc5 41. Nd1 b5 42. Kg2 a5 43. Nb2 d2 44. Kf1 Bd4 45. Nd1 a4 46. bxa4 bxa4 47.
Ke2 a3 48. Kxd2 a2 0-1

[Event "Olimpiade 2014 - Open"]
[Site "Tromsø"]
[Date "14.08.2014"]
[Round "11.81"]
[Board "3"]
[White "Su, Haifeng"]
[Black "Gonzales, Dennis"]
[Result "1-0"]
[WhiteElo "1724"]
[BlackElo "1720"]
[WhiteTeam "Guyana"]
[BlackTeam "Palau"]
[WhiteFideId "19700202"]
[BlackFideId "16600150"]
[EventDate "2014.08.02"]

1. e4 c5 2. Nf3 Nc6 3. Bb5 Qb6 4. Nc3 e6 5. Bxc6 dxc6 6. d3 g6 7. e5 Qc7 8. Ne4
Bd7 9. Bg5 h6 10. Nf6+ Nxf6 11. Bxf6 Rh7 12. Nd2 b6 13. Ne4 Bc8 14. Qg4 Be7 15.
O-O-O Ba6 16. Qh4 Rd8 17. Bxe7 g5 18. Bxd8 Qxe5 19. Bxg5 hxg5 20. Qxh7 Qf4+ 21.
Rd2 1-0

[Event "Olimpiade 2014 - Open"]
[Site "Tromsø"]
[Date "14.08.2014"]
[Round "11.81"]
[Board "4"]
[White "Balbalosa, Jeffrey"]
[Black "Varona-Thomas, Maria"]
[Result "1-0"]
[WhiteElo "1723"]
[BlackElo "1777"]
[WhiteTeam "Palau"]
[BlackTeam "Guyana"]
[WhiteFideId "16600240"]
[BlackFideId "19700288"]
[EventDate "2014.08.02"]

1. d4 Nf6 2. Nf3 d6 3. e3 g6 4. Bd3 Bg7 5. b3 O-O 6. Bb2 Bg4 7. Nbd2 Nbd7 8. e4
Nh5 9. h3 Bxf3 10. Qxf3 e5 11. d5 Nc5 12. O-O Qh4 13. Rae1 f5 14. Qd1 f4 15. Nf3
Qe7 16. c4 a5 17. Nh2 Rf7 18. Be2 Nf6 19. Bg4 h5 20. Bf3 Bh6 21. Kh1 Nh7 22. Qe2
Qh4 23. Bc3 Nf6 24. Rg1 Rg7 25. Bd2 g5 26. g4 Qxh3 27. gxh5 Kh8 28. Rg2 Rag8 29.
Reg1 b6 30. Bg4 Nxg4 31. Qxg4 Qxg4 32. Nxg4 Kh7 33. Nf6+ Kh8 34. Nxg8 Kxg8 35.
f3 Nd7 36. a4 Nf6 37. b4 axb4 38. Bxb4 Kf7 39. a5 bxa5 40. Bxa5 Kg8 41. Bb4 g4
42. Rxg4 Nxg4 43. Rxg4 Rxg4 44. fxg4 Bg5 45. Ba5 Kf7 46. Bxc7 Ke7 47. Kg2 Kd7
48. Bb8 Ke7 49. c5 dxc5 50. Bxe5 c4 51. Bc3 Kd6 52. Kf3 Kc5 53. Bg7 Kb4 54. h6
c3 55. h7 c2 56. h8=Q c1=Q 57. Qb8+ Ka4 58. Qa7+ Kb5 59. Qb7+ Ka5 60. Qa8+ Kb5
61. Qc6+ Qxc6 62. dxc6 Kxc6 63. Be5 Kd7 64. Bxf4 Bf6 65. g5 Bg7 66. Kg4 Ke6 67.
Kh5 Kf7 68. Bd6 Ke6 69. e5 Kf5 70. Bb8 Bf8 71. g6 Bg7 72. Bd6 Ke6 73. Kg5 Kd7
74. Kf5 Kd8 75. Ke6 Ke8 76. Bc7 Bh8 77. Kd6 Bg7 78. Ke6 Bh8 79. Bd6 Bg7 80. Bc5
Bh8 81. Be3 Bg7 82. Bg5 Kf8 83. Bf6 Bh6 84. Kd7 Bd2 85. g7+ Kg8 86. e6 Bb4 87.
e7 Bxe7 88. Kxe7 1-0

[Event "Olimpiade 2014 - Open"]
[Site "Tromsø"]
[Date "14.08.2014"]
[Round "11.83"]
[Board "2"]
[White "Kouevi, Mawuvi Koue"]
[Black "Christopher, Art"]
[Result "1/2-1/2"]
[WhiteElo "1841"]
[BlackElo "1668"]
[WhiteTeam "Togo"]
[BlackTeam "British Virgin Isles"]
[WhiteFideId "21200041"]
[BlackFideId "2700085"]
[EventDate "2014.08.02"]

1. d4 d5 2. Bf4 Nf6 3. h3 Nc6 4. e3 a6 5. c4 e6 6. Nf3 dxc4 7. Bxc4 b5 8. Bd3
Bb4+ 9. Nbd2 O-O 10. O-O Bb7 11. Rc1 Nd5 12. Bg3 Bd6 13. Bh4 Qd7 14. Ne4 f5 15.
Nxd6 cxd6 16. a3 Rac8 17. b4 e5 18. dxe5 dxe5 19. e4 Kh8 20. exd5 Qxd5 21. Bb1
Nd4 22. Re1 Rxc1 23. Qxc1 Nxf3+ 24. gxf3 Qxf3 25. Kf1 Qxh3+ 26. Ke2 Bf3+ 27. Kd2
Qxh4 28. Qc5 Rd8+ 29. Kc3 Qd4+ 30. Qxd4 exd4+ 31. Kd2 Kg8 32. Bxf5 g6 33. Bc2
Kf8 34. Re6 Re8 35. Rf6+ Kg7 36. Rxf3 h5 37. Kd3 Rd8 38. Rf4 g5 39. Rxd4 Rxd4+
40. Kxd4 Kf6 41. Kc5 Ke5 42. Bb3 g4 43. Bd5 h4 44. Bh1 h3 45. Kb6 Kd4 46. Kxa6
Kd3 47. Kxb5 Ke2 48. a4 Kxf2 49. a5 g3 50. Bb7 g2 51. a6 g1=Q 52. a7 Qf1+ 53.
Kb6 Qc4 54. a8=Q Qxb4+ 55. Kc7 Qe7+ 56. Kc6 h2 57. Kb5 Qe2+ 58. Kb4 Qb2+ 59. Kc4
Qc2+ 60. Kd4 Qd2+ 61. Kc5 Qc3+ 62. Kb6 Qb4+ 1/2-1/2

[Event "Olimpiade 2014 - Open"]
[Site "Tromsø"]
[Date "14.08.2014"]
[Round "11.84"]
[Board "3"]
[White "Meshkov, Yuri A."]
[Black "Holm, Kristian Stuvik"]
[Result "1-0"]
[WhiteTitle "IM"]
[BlackTitle "FM"]
[WhiteElo "2357"]
[BlackElo "2275"]
[WhiteTeam "IBCA"]
[BlackTeam "Norway 3"]
[WhiteFideId "4107101"]
[BlackFideId "1508083"]
[EventDate "2014.08.02"]

1. c4 e5 2. g3 Nf6 3. Bg2 h6 4. Nc3 Bb4 5. d3 Bxc3+ 6. bxc3 O-O 7. e4 c6 8. Qb3
Na6 9. Ba3 Re8 10. Ne2 d6 11. O-O Nc5 12. Qc2 Qa5 13. Bb4 Qc7 14. a4 Bg4 15. f3
Bd7 16. Ba3 Ne6 17. d4 d5 18. Qd3 dxe4 19. fxe4 Ng5 20. dxe5 Ng4 21. Bd6 Qb6+
22. c5 Qa6 23. c4 Be6 24. Rfc1 Rad8 25. Qc3 f6 26. exf6 Nxf6 27. e5 Nfe4 28. Qd4
Bg4 29. Nf4 Nxd6 30. cxd6 Nf7 31. h3 c5 32. Qc3 Bf5 33. Bd5 1-0

[Event "Olimpiade 2014 - Open"]
[Site "Tromsø"]
[Date "14.08.2014"]
[Round "11.84"]
[Board "4"]
[White "Mihajlov, Sebastian"]
[Black "Stachanczyk, Jacek"]
[Result "1/2-1/2"]
[WhiteTitle "CM"]
[BlackTitle "FM"]
[WhiteElo "2305"]
[BlackElo "2299"]
[WhiteTeam "Norway 3"]
[BlackTeam "IBCA"]
[WhiteFideId "1512110"]
[BlackFideId "1116657"]
[EventDate "2014.08.02"]

1. d4 d5 2. c4 c6 3. Nf3 Nf6 4. Nc3 dxc4 5. a4 Bf5 6. Ne5 Nbd7 7. Nxc4 Qc7 8. g3
e5 9. dxe5 Nxe5 10. Bf4 Nfd7 11. Bg2 g5 12. Nxe5 gxf4 13. Nxd7 O-O-O 14. Qd4
Qxd7 15. Qxf4 Bd6 16. Qc1 Kb8 17. O-O h5 18. Qe3 Rhe8 19. Qh6 Rh8 20. Qe3 Rhe8
21. Qh6 Rh8 22. Qe3 Rhe8 1/2-1/2

[Event "Olimpiade 2014 - Open"]
[Site "Tromsø"]
[Date "14.08.2014"]
[Round "11.85"]
[Board "1"]
[White "Yarmonov, Igor"]
[Black "Palo, Davor"]
[Result "1-0"]
[WhiteTitle "IM"]
[BlackTitle "GM"]
[WhiteElo "2329"]
[BlackElo "2562"]
[WhiteTeam "IPCA"]
[BlackTeam "Denmark"]
[WhiteFideId "14114496"]
[BlackFideId "1405853"]
[EventDate "2014.08.02"]

1. d4 Nf6 2. c4 e6 3. Nc3 Bb4 4. Qc2 O-O 5. Bg5 d6 6. e3 h6 7. Bh4 e5 8. Ne2 Re8
9. O-O-O Nbd7 10. dxe5 Bxc3 11. Nxc3 dxe5 12. Be2 c6 13. Rd6 Qe7 14. Rhd1 Nc5
15. Bxf6 gxf6 16. g4 Be6 17. b4 Na6 18. a3 Red8 19. c5 Nc7 20. Qd2 Rdc8 21. Qc2
a5 22. Kb2 axb4 23. axb4 Nd5 24. Bc4 Nxc3 25. Qxc3 Bxc4 26. Qxc4 Rd8 27. Qd3
Rdb8 28. g5 hxg5 29. h4 b6 30. hxg5 fxg5 31. Rh1 e4 32. Qd4 f6 33. Rxf6 Rd8 34.
Rg6+ Kf7 35. Rg7+ 1-0

[Event "Olimpiade 2014 - Open"]
[Site "Tromsø"]
[Date "14.08.2014"]
[Round "11.85"]
[Board "2"]
[White "Rasmussen, Allan Stig"]
[Black "Bernardi, Ruben"]
[Result "1-0"]
[WhiteTitle "GM"]
[WhiteElo "2522"]
[BlackElo "2114"]
[WhiteTeam "Denmark"]
[BlackTeam "IPCA"]
[WhiteFideId "1406000"]
[BlackFideId "804428"]
[EventDate "2014.08.02"]

1. c4 e5 2. b3 Nf6 3. Bb2 Nc6 4. e3 d5 5. cxd5 Nxd5 6. a3 Be6 7. Bb5 f6 8. Nf3
Bd6 9. Qc2 Ne7 10. d4 O-O 11. Bd3 g6 12. dxe5 Bxe5 13. Nxe5 Nxe5 14. Bxe5 fxe5
15. Nd2 Nf5 16. Qc3 Qf6 17. Ne4 Qe7 18. Nc5 Bf7 19. Nxb7 e4 20. Be2 Nh4 21. g3
Nf3+ 22. Bxf3 exf3 23. h4 Qe6 24. Nc5 Qf5 25. e4 Qg4 26. O-O-O Be6 27. h5 Qg5+
28. Kc2 Rae8 29. hxg6 Qxg6 30. Rd4 Bg4 31. Rhd1 Rf6 32. Rd8 Rd6 33. R1xd6 cxd6
34. Qc4+ Kg7 35. Qd4+ Kf7 36. Rxd6 Qg5 37. b4 h5 38. Qd2 Qxd2+ 39. Kxd2 Ke7 40.
Ra6 Rd8+ 41. Ke3 Rd1 42. Rxa7+ Kd6 43. Ra6+ Kc7 44. Nd3 Ra1 45. Ne5 Re1+ 46. Kf4
Re2 47. Nxg4 hxg4 48. Kxg4 Rxf2 49. Rf6 1-0